| 000 | 02389nam a22003617a 4500 | ||
|---|---|---|---|
| 003 | DO-SdBNP | ||
| 005 | 20240228085207.0 | ||
| 007 | ta | ||
| 008 | 210719b2018 a|||| |||| 00| | spa | ||
| 020 | _a9789945423426 | ||
| 040 |
_aDO-SdBNP _bspa _cBNPHU |
||
| 082 | 4 |
_a332.097293 _bS232e _222 |
|
| 100 | 1 |
_aSantana Ramírez, Manuel Antonio _979300 |
|
| 245 | 1 | 0 |
_aEficiencia y productividad del sistema financiero dominicano / _cManuel Antonio Santana Ramírez, Rafael Molina Llopis, Vicente Coll Serrano. |
| 260 |
_aSanto Domingo : _bUniversidad APEC, _c2018. |
||
| 300 |
_a301 p. : _bil. ; gráfcs., tablas ; _c24 cm. |
||
| 500 | _aIncluye datos biográficos de los autores en las solapas | ||
| 500 | _aIncluye índice | ||
| 504 | _aBibliografía : p. 207-210 | ||
| 505 | _aPresentación. | ||
| 505 | _aIntroducción. | ||
| 505 |
_aEl sistema financiero dominicano _tAntecedentes-- _tEstructura y composición del sistema financiero dominicano -- _tLa crisis bancaria de 2003 y las medidas regulatorias posteriores -- |
||
| 505 | 0 |
_aMetodología, datos y variables _tLa eficiencia en las entidades financieras -- _tAnálisis de la eficiencia mediante DEA -- _tMedición de la productividad : el índice de Malmquist -- _tSelección de los datos del sistema financiero dominicano -- _tDefinición de inputs y outputs -- |
|
| 505 | 0 |
_aEficiencia del sistema financiero dominicano _tObjetivos y metodología -- _tComposición del sistema financiero dominicano y estadísticos descriptivos por tipo de entidad -- _tRendimientos constantes vs rendimientos variables: La selección del modelo DEA -- _tAnálisis de la eficiencia téctica del sistema financiero dominicano -- _tRanking de eficiencia de las entidades financieras dominicna -- |
|
| 505 | 0 |
_aProductividad del sistema financiero dominicano _tObjetivos y metodología -- _tAnálisis de la productividad del sistema financiero dominicano -- |
|
| 505 | 0 |
_aConclusiones y limitaciones del trabajo _tConclusiones -- _tLimitaciones de la investigación -- _tIndice de tablas de los anexos -- _tIndice de gráficos del trabajo -- _tBilbiografía -- _tAnexos. |
|
| 590 | _aInventariado, 2021/ S/A | ||
| 650 | 4 |
_aSistema financiero _zRepública Dominicana _979301 |
|
| 700 | 1 |
_aMolina Llopis, Rafael _979303 |
|
| 700 | 1 |
_aColl Serrano,Vicente _979304 |
|
| 910 | _aSaquino/Validado. Control de calidad MFF | ||
| 942 |
_2ddc _cLBS1 |
||
| 999 |
_c50145 _d50145 |
||